000 00891nmm a2200277 a 4500
001 ocm000702266
003 TR-IsHL
005 20201028124546.0
008 130902s2010 tu tur
007 cr cn
035 _a702266
_b(N$T)
050 0 4 _aPK6541.T8
_bG85 2010
090 0 4 _aPK6541.T8
_bG85 2010
100 1 _aŞirazi, Şeyh Sadi
245 1 0 _aGülistan
_h[electronic resource] /
_cŞeyh Sadi Şirazi ; ED. Erdal Çakıcıoğlu
250 _a1. bs.
260 _aİstanbul :
_bBirleşik Yayın Grubu,
_c2010
300 _a248 p.
650 4 _aDil ve Edebiyat
650 4 _aLanguage and Literature
650 0 _aİran edebiyatı
650 0 _aPersian literature
650 7 _aLITERARY COLLECTIONS / Middle Eastern
_2bisacsh
700 1 _aÇakıcıoğlu, Erdal
856 4 0 _uhttp://search.ebscohost.com/login.aspx?direct=true&scope=site&db=e011xww&AN=702266
999 _c3017
_d3017